| 000 | 00800nam a22002297a 4500 | ||
|---|---|---|---|
| 999 |
_c17405 _d17405 |
||
| 003 | AR-CdUCM | ||
| 008 | 190508b ||||| |||| 00| 0 spa d | ||
| 040 |
_aMUNICIPALIDAD PROVINCIAL DEL CUSCO _cBIBLIOTECA MUNICIPAL DEL CUSCO |
||
| 082 |
_a610.9 / _bR73 |
||
| 100 |
_aRodrigo, Ignacio _937400 |
||
| 245 | _aTu y la medicina / | ||
| 260 |
_aBarcelona : _bLabor, _c1958. |
||
| 300 |
_a392 paginas ; _bIlustraciones, graficos, dibujos, _c22 cm. |
||
| 500 | _aMedicina | ||
| 505 | _aContenido: El medico y su salud -- La nutrición -- Digestión sana -- Metodos curativos de los antiguos -- Nueva medicina racional... | ||
| 650 |
_aMedicina _93637 |
||
| 650 |
_aLiteratura _983 |
||
| 650 |
_aHistoria _9136 |
||
| 700 |
_aGarcia, Ignacio _937401 |
||
| 942 |
_2ddc _cLIBROS |
||
| 945 |
_apjha _d2019-05-08 |
||